Measurement systems Application and Design (Record no. 562282)

000 -LEADER
fixed length control field 00345nam a2200121Ia 4500
008 - FIXED-LENGTH DATA ELEMENTS--GENERAL INFORMATION
fixed length control field 210430s9999 xx 000 0 und d
082 ## - DEWEY DECIMAL CLASSIFICATION NUMBER
Classification number 389.15D649 M
100 ## - MAIN ENTRY--PERSONAL NAME
Personal name Ernest o.Doebelin
9 (RLIN) 52821
245 ## - TITLE STATEMENT
Title Measurement systems Application and Design
Statement of responsibility, etc. Ernest o.Doebelin
260 ## - PUBLICATION, DISTRIBUTION, ETC.
Place of publication, distribution, etc. New york
Name of publisher, distributor, etc. Graw-Hill
Date of publication, distribution, etc. 1966
300 ## - PHYSICAL DESCRIPTION
Extent 743p
942 ## - ADDED ENTRY ELEMENTS (KOHA)
Koha item type Book
Source of classification or shelving scheme
Holdings
Withdrawn status Lost status Damaged status Not for loan Collection code Permanent Location Current Location Shelving location Date acquired Total Checkouts Full call number Barcode Date last seen Price effective from Koha item type
          School of Chemical & Materials Engineering (SCME) School of Chemical & Materials Engineering (SCME) General Stacks     389.15D649 M SCME-1145 04/30/2021 04/30/2021 Book
© 2023 Central Library, National University of Sciences and Technology. All Rights Reserved.